Sports Quiz

Random Sports or Soccer Quiz

Top Premier League Goalscorer A-Z (2016-17) Quiz Stats

 Plays Quiz Updated Aug 24, 2017

Challenge
Share
Tweet
Embed
Score 0/26 Timer 04:00
2 Plays Today
Surname Initial* Player % Correct
QNone
100%
KHarry Kane (Tottenham)
90.5%
ASergio Agüero (Man City)
83.4%
LRomelu Lukaku (Everton)
82.1%
CDiego Costa (Chelsea)
76.9%
SAlexis Sánchez (Arsenal)
72%
IZlatan Ibrahimović (Man United)
67.1%
HEden Hazard (Chelsea)
59.7%
VJamie Vardy (Leicester)
57.9%
GOlivier Giroud (Arsenal)
48%
MSadio Mané (Liverpool)
47.6%
DJermain Defoe (Sunderland)
46.5%
FRoberto Firmino (Liverpool)
44.9%
Surname Initial* Player % Correct
BChristian Benteke (Crystal Palace)
37.9%
ZWilfried Zaha (Crystal Palace)
35.4%
EChristian Eriksen (Tottenham)
34.5%
OMesut Özil (Arsenal)
32.8%
JGabriel Jesus (Man City)
24.4%
PPedro (Chelsea)
24%
WTheo Walcott (Arsenal)
23.4%
XGranit Xhaka (Arsenal)
22.6%
ULeonardo Ulloa (Leicester)
18.2%
TYaya Touré (Man City)
16.1%
RSalomón Rondón (West Brom)
15.8%
NÁlvaro Negredo (Middlesbrough)
11.3%
YMaya Yoshida (Southampton)
6.6%

You're not logged in!

Compare scores with friends on all Sporcle quizzes.
Join for Free
OR
Log In

Show Comments

Extras

Top Quizzes Today


Score Distribution

Your Account Isn't Verified!

In order to create a playlist on Sporcle, you need to verify the email address you used during registration. Go to your Sporcle Settings to finish the process.

Report this User

Report this user for behavior that violates our Community Guidelines.

Details: